<?xml version="1.0" encoding="UTF-8"?><?xml-stylesheet type="text/xsl" href="static/style.xsl"?><OAI-PMH xmlns="http://www.openarchives.org/OAI/2.0/" xmlns:xsi="http://www.w3.org/2001/XMLSchema-instance" xsi:schemaLocation="http://www.openarchives.org/OAI/2.0/ http://www.openarchives.org/OAI/2.0/OAI-PMH.xsd"><responseDate>2026-04-17T08:12:24Z</responseDate><request verb="GetRecord" identifier="oai:www.recercat.cat:2117/108315" metadataPrefix="marc">https://recercat.cat/oai/request</request><GetRecord><record><header><identifier>oai:recercat.cat:2117/108315</identifier><datestamp>2025-07-17T16:10:08Z</datestamp><setSpec>com_2072_1033</setSpec><setSpec>col_2072_452951</setSpec></header><metadata><record xmlns="http://www.loc.gov/MARC21/slim" xmlns:dcterms="http://purl.org/dc/terms/" xmlns:xsi="http://www.w3.org/2001/XMLSchema-instance" xmlns:doc="http://www.lyncode.com/xoai" xsi:schemaLocation="http://www.loc.gov/MARC21/slim http://www.loc.gov/standards/marcxml/schema/MARC21slim.xsd">
   <leader>00925njm 22002777a 4500</leader>
   <datafield ind2=" " ind1=" " tag="042">
      <subfield code="a">dc</subfield>
   </datafield>
   <datafield ind2=" " ind1=" " tag="720">
      <subfield code="a">Morales Bueno, Abel</subfield>
      <subfield code="e">author</subfield>
   </datafield>
   <datafield ind2=" " ind1=" " tag="260">
      <subfield code="c">2017-07-19</subfield>
   </datafield>
   <datafield ind2=" " ind1=" " tag="520">
      <subfield code="a">Este Trabajo de Final de Grado es un proyecto realizado en la modalidad B-Prácticum en la empresa Layetana Real Estate S.L.&#xd;
El objetivo de este trabajo es estudiar la construcción de una vivienda unifamiliar para poder estimar los puntos que podemos llegar a obtener, según los criterios del U.S. Green Building Council para la certificación LEED.&#xd;
El trabajo realizado ha sido el de Project Manager Assistant, dando soporte al Project Manager en la construcción de dos proyectos de viviendas unifamiliares de lujo y un proyecto de construcción de un hotel, todos situados en Barcelona.&#xd;
Éste proyecto estará dividido en dos bloques principales, el primer bloque hablará sobre las tareas realizadas en la empresa como Project Manager Assistant y en el segundo bloque se tratará de analizar los requisitos que debe cumplir la vivienda unifamiliar para obtener la certificación Leed Gold.&#xd;
Para poder llevar a cabo este trabajo final de carrera he sido la sombra del Project Manager durante 3 meses, viendo todas las responsabilidades que conlleva ser esta figura en el proceso de construcción.</subfield>
   </datafield>
   <datafield tag="653" ind2=" " ind1=" ">
      <subfield code="a">Àrees temàtiques de la UPC::Edificació::Gestió d'obres</subfield>
   </datafield>
   <datafield tag="653" ind2=" " ind1=" ">
      <subfield code="a">Energy conservation</subfield>
   </datafield>
   <datafield tag="653" ind2=" " ind1=" ">
      <subfield code="a">Pràctica d'obra -- Catalunya -- Barcelona</subfield>
   </datafield>
   <datafield tag="653" ind2=" " ind1=" ">
      <subfield code="a">Energia -- Estalvi -- Avaluació -- Dret i legislació -- Certificació</subfield>
   </datafield>
   <datafield ind2="0" ind1="0" tag="245">
      <subfield code="a">Prácticum en Layetana Real Estate: obtención certificación Leed Gold en vivienda unifamiliar</subfield>
   </datafield>
</record></metadata></record></GetRecord></OAI-PMH>